000 00825cab a2200265 4500
001 WB3401-61
008 090401t1998 xxu||||| |||| 00| 0 eng d
035 _a(Sirsi) u82999
041 _aeng
245 _aHousing market hampers EMU entry
260 _c1998
350 _a0
490 _aFinancial Times
_v5 January 1998, 9(1)
520 _aA special report by Oxford Economic Forecasting concludes that the UK housing market needs reform before the country can join European economic and monetary union.
650 _aEMU
650 _aEUROPEAN UNION
650 _aHOME OWNERSHIP
650 _aMORTGAGE FINANCE
650 _aMORTGAGE MARKET
650 _aOWNER-OCCUPATION
650 _aREFORM
690 _aPROPERTY-RESIDENTIAL PROPERTY-RESIDENTIAL PROPERTY MARKET
942 _n0
948 _c06/01/1998
999 _c52429
_d52429